000 00885nam0a22002411 4500
001 rc\2691501
005 20260406081233.0
035 _a(NLR Aleph) 006819754
090 _a6430789
_c6430789
100 _a20110915d1933 |||y0rusy50 ca
101 0 _arus
102 _aRU
105 _aae z |||||
200 1 _aФизика на каждом шагу
_eДля детей старш. возраста
_fЯ. Перельман
210 _a[Москва]
_cМол. гвардия
_d1933
_g17 фабр. нац. книги треста "Полиграфкнига"
215 _aПереплет, 187, [5] с.
_cил.
_d19х14 см.
700 1 _8rus
_7ca
_aПерельман
_bЯ. И.
_gЯков Исидорович
_f1882-1942
_3RU\NLR\AUTH\7745475
_928413
801 0 _aRU
_bNLR
_gpsbo
801 1 _aRU
_bELAR
_2rusmarc
852 _aNLR
_j34-2/22
942 _cBOOK
980 _aNB